000 00549nam a2200169 i 4500
001 21687
003 ES-MaACL
005 20230906152527.0
007 t|
008 021127s1951 sp ||||1| spa d
100 1 _aAlbizu y Sainz de Murieta, Juan.
_919402
245 1 0 _aSermones y pláticas circunstanciales /
_centresacadas de la quinta edición de sermones parroquiales por Juan Albizu y Sainz de Murieta.
250 _a1ª ed.
260 _aPamplona :
_bAramburu,
_c1951.
300 _a183 p. ;
_c21 cm.
852 _aES-MaACL
_jD-8495
_bR.32621
999 _c21687
_d21687